College algebra / (Record no. 182296)
[ view plain ]
| 000 -LEADER | |
|---|---|
| fixed length control field | 00980 a2200193 4500 |
| 003 - CONTROL NUMBER IDENTIFIER | |
| control field | NUST |
| 005 - DATE AND TIME OF LATEST TRANSACTION | |
| control field | 20230704131532.0 |
| 010 ## - LIBRARY OF CONGRESS CONTROL NUMBER | |
| LC control number | 74010307 |
| 020 ## - INTERNATIONAL STANDARD BOOK NUMBER | |
| International Standard Book Number | 0023696206 |
| 040 ## - CATALOGING SOURCE | |
| Transcribing agency | Nust |
| 082 00 - DEWEY DECIMAL CLASSIFICATION NUMBER | |
| Classification number | 512.9,LEI |
| 100 1# - MAIN ENTRY--PERSONAL NAME | |
| Personal name | Leithold, Louis. |
| 9 (RLIN) | 39108 |
| 245 10 - TITLE STATEMENT | |
| Title | College algebra / |
| Statement of responsibility, etc. | Louis Leithold. |
| 260 ## - PUBLICATION, DISTRIBUTION, ETC. | |
| Place of publication, distribution, etc. | New York : |
| Name of publisher, distributor, etc. | Macmillan, |
| Date of publication, distribution, etc. | [1975] |
| 300 ## - PHYSICAL DESCRIPTION | |
| Extent | xi, 527, A1-A30 p. : |
| Other physical details | ill. ; |
| Dimensions | 24 cm. |
| 505 ## - FORMATTED CONTENTS NOTE | |
| Formatted contents note | The Real Number (Page-1), Algebraic Expressions (Page-49), Exponents and Radicals (Page-95), Equations in One Variable (Page-133),Equations In Two Variables (Page-183), Functions (Page-229), Exponential and Lo7garithms Functions(Page-263), Systems of Equations (Page-303), Inequalities (Page-343), Matrices and Determents (Page-373), Sequences (Page-409), Permutations Combinations and the Binomial Theorem(Page-445),Complex number(Page-471), Polynomial functions and Theory of Polynomial (Page-497). |
| 650 #0 - SUBJECT ADDED ENTRY--TOPICAL TERM | |
| Topical term or geographic name entry element | Algebra. |
| 9 (RLIN) | 8509 |
| 942 ## - ADDED ENTRY ELEMENTS (KOHA) | |
| Source of classification or shelving scheme | |
| Koha item type | Book |
| Call number prefix | 519.9,LEI |
| Withdrawn status | Lost status | Source of classification or shelving scheme | Damaged status | Not for loan | Permanent Location | Current Location | Shelving location | Date acquired | Full call number | Barcode | Date last seen | Price effective from | Koha item type | Public note |
|---|---|---|---|---|---|---|---|---|---|---|---|---|---|---|
| Military College of Signals (MCS) | Military College of Signals (MCS) | General Stacks | 12/12/2016 | 512.9,LEI | MCS7217 | 12/08/2016 | 12/12/2016 | Book | Almirah No.82, Shelf No.3 |
